Online Catalogue and eLibrary

A book of english idioms : (Record no. 4394)

MARC details
000 -LEADER
fixed length control field 00561nam a2200169Ia 4500
005 - DATE AND TIME OF LATEST TRANSACTION
control field 20240813024114.0
008 - FIXED-LENGTH DATA ELEMENTS--GENERAL INFORMATION
fixed length control field 240331s9999 xx 000 0 und d
020 ## - INTERNATIONAL STANDARD BOOK NUMBER
ISBN 0002190044
082 ## - DDC Classification
Item Number - Author Mark COL
Class No. 407
100 ## - MAIN ENTRY--PERSONAL NAME
Personal name Collins, V.H
245 #2 - TITLE STATEMENT
Title A book of english idioms :
Remainder of title with explanation
250 ## - EDITION STATEMENT
Edition statement 3rd
260 ## - PUBLICATION, DISTRIBUTION, ETC.
Place of publication, distribution, etc. Madras
Name of publisher, distributor, etc. Orient Longman Ltd
Date of publication, distribution, etc. 1956
300 ## - PHYSICAL DESCRIPTION
Extent (e.g. Volumes, Pages etc.) 258 p .,
500 ## - GENERAL NOTE
General note in compiling a selection of idioms, out of the thousands in the language, the natural course has been to choose those that are today in most frequent use.
942 ## - Koha item type (Biblio)
Koha item type Books in Stacks (Lending)
Holdings
Lost status Damaged status Collection code Home library Current library Shelving location Date acquired Full call number Accession Number Item type
    Lending WERC Library WERC Library Social Science Cupboard 03/31/2024 407 COL 728 Books in Stacks (Lending)

© WERC Library